00343nam a2200145Ia 4500008004100000020001800041082000800059100002100067245002500088250000600113260002700119300001000146500002400156650001700180230524s9999 xx 000 0 und d a9781472238580 bRUT aAlex Ruthereford 0aEmpire of the Moghul a1 aLondonbHeadlinec2015 a362p; aQuantity Number: 1 aMisalliance